The trapped people among peace makers and war mongers (Record no. 2534)

MARC details
000 -LEADER
fixed length control field 005410000a22001810004500
005 - DATE AND TIME OF LATEST TRANSACTION
control field 20240229122910.0
008 - FIXED-LENGTH DATA ELEMENTS--GENERAL INFORMATION
fixed length control field 230817t ||||| |||| 00| 0 eng d
082 ## - DEWEY DECIMAL CLASSIFICATION NUMBER
Classification number 303.6
Item number UNI
942 ## - ADDED ENTRY ELEMENTS (KOHA)
Item Type Reports
110 ## - MAIN ENTRY--CORPORATE NAME
Corporate Name University Teachers for Human Rights
245 ## - TITLE STATEMENT
Title The trapped people among peace makers and war mongers
260 ## - PUBLICATION, DISTRIBUTION, ETC. (IMPRINT)
Place of Publication Jaffna:
Name of Publisher UTHR,
Date of Copyright 1992
300 ## - PHYSICAL DESCRIPTION
Extent 62 p.
856 ## - ELECTRONIC LOCATION AND ACCESS
Uniform Resource Identifier <a href="https://noolaham.net/project/40/3996/3996.pdf">https://noolaham.net/project/40/3996/3996.pdf</a>
490 ## - SERIES STATEMENT
Series statement Report no.9
650 ## - SUBJECT ADDED ENTRY--TOPICAL TERM
Topical Term ETHNIC CONFLICT-Sri Lanka
650 ## - SUBJECT ADDED ENTRY--TOPICAL TERM
Topical Term Conflict resolution-Sri Lanka
Holdings
Withdrawn status Lost status Damaged status Not for loan Permanent location Current location Date acquired Total Checkouts Full call number Barcode Date last seen Price effective from Koha item type
        Resource center, Muslim Women's Research And Action Forum Resource center, Muslim Women's Research And Action Forum 2023-08-17   303.6 UNI RAF3686 2023-08-17 2023-08-17 Reports

Copyright © 2023 Muslim Women's Research and Action Forum (MWRAF), No 27/3, Anderson Road, Kalubowila, Dehiwela. Funded by The Asia Fundation